|
|
|
|
| LEADER |
00689nab a2200193 i 4500 |
| 001 |
acta51247 |
| 005 |
20250429120802.0 |
| 008 |
180420s1936 hu o 000 hun d |
| 040 |
|
|
|a SZTE Egyetemi Kiadványok Repozitórium
|b hun
|
| 041 |
|
|
|a hun
|
| 100 |
1 |
|
|a V. L.
|
| 245 |
1 |
0 |
|a Községünk keletkezése
|h [elektronikus dokumentum] :
|b III. osztály /
|c V. L.
|
| 260 |
|
|
|c 1936
|
| 300 |
|
|
|a 367-372
|
| 490 |
0 |
|
|a Gyakorlati pedagógia
|v 2 No. 8
|
| 650 |
|
4 |
|a Társadalomtudományok
|
| 650 |
|
4 |
|a Oktatástudomány
|
| 695 |
|
|
|a Magyarország - honismeret, Honismeret tanítása - általános iskola
|
| 856 |
4 |
0 |
|u http://acta.bibl.u-szeged.hu/51247/1/gyakorlati_1936_008_367-372.pdf
|z Dokumentum-elérés
|